| 000 | 00476 a2200145 4500 | ||
|---|---|---|---|
| 999 |
_c7001 _d7001 |
||
| 020 | _a1779050860 | ||
| 050 | _aHD 2075 MWA 1999 | ||
| 100 |
_aMwanza, Allast _eeditor |
||
| 245 |
_aSocial policy in an agricultural economy : _bthe case of Malawi / _cAllast Mwanza |
||
| 264 |
_aHarare,Zimbabwe : _bSape Books, _c1999 |
||
| 300 |
_a103p.: _bill. |
||
| 500 | _aIncludes bibliographical references and index | ||
| 650 |
_aAgricultural policy _xMalawi |
||
| 942 |
_2lcc _cBK _h2075 _iMWA _kHD |
||